00829nam a2200205Ia 4500001001000000003000500010008004100015010001100056040000900067100002800076245023400104260003400338300001000372502008300382650002700465650002100492650003700513650002300550710005000573Para_9091CHAP220125s2005 xx 000 0 und d a207698 cCHAP aEspinosa Fonseca, Laura aInfluencia de la cobertura vegetal Glycine wightii (Wight & Arn) verde., en la dinámica de artrópodos en plantaciones de naranja (Citrus sinensis (L.) Osbeck) en Martínez de la Torre, Veracruz /c por Laura Espinosa Fonseca aChapingo, Méx. :b el autor a68 h. aM.C. (Esp. Protección Vegetal) UACh. Departamento Parasitología Agrícola aCultivos de cobertura  aGlycine wightii  aMalas hierbas x investigación aNaranja x plagas  aUACh. Departamento Parasitología Agrícola